[Event "IND-ch U09 Girls 37th"]
[Site "Pune"]
[Date "2024.12.30"]
[Round "6"]
[White "Vonti, Sri Guruvarshini"]
[Black "Aiyappan, Rajeswari"]
[Result "1-0"]
[WhiteElo "1417"]
[BlackElo "1483"]
[PlyCount "82"]
[EventDate "2024.12.27"]
[EventType "swiss"]
[EventRounds "11"]
[EventCountry "IND"]
[SourceTitle "CB02_2025"]
[SourceDate "2025.01.08"]
[SourceVersion "1"]
[SourceVersionDate "2025.01.08"]
[SourceQuality "1"]

1. d4 d5 2. Nf3 Nf6 3. c4 e6 4. Nc3 a6 5. a4 c5 6. Bf4 Nc6 7. e3 Be7 8. Be2 Nh5 9. Be5 f6 10. cxd5 exd5 11. Bg3 Nxg3 12. hxg3 Be6 13. Nh4 Nb4 14. Ng6 Bf5 15. Nxh8 Nc2+ 16. Kf1 Nxa1 17. Qxa1 h6 18. Bh5+ Kd7 19. Bg6 Be6 20. Nf7 Qf8 21. Nxh6 gxh6 22. Qb1 Qg7 23. Bf5 Rc8 24. Nxd5 Rc6 25. Nf4 Bxf5 26. Qxf5+ Ke8 27. d5 Rb6 28. Ne6 Qh8 29. Nxc5 Qg7 30. Qh5+ Qf7 31. Qxf7+ Kxf7 32. Nd3 Rb3 33. Ke2 Bf8 34. Rh4 a5 35. Rd4 Ke7 36. d6+ Kd8 37. Nc5 Bxd6 38. Nxb3 Ke7 39. Nxa5 Be5 40. Nxb7 Bxd4 41. exd4 Kd7 1-0